000
00356nam a2200145Ia 4500
008
151213s9999 xx 000 0 und d
100
_a
L.B.Cathin
245
_a
International Business
_c
L.B.Cathin
260
_a
Ohio
_b
South Western
_c
1994
300
_a
2663 p.
650
_a
Management
650
_a
Management
700
_a
L.B.Cathin
999
_c
1775
_d
1775